[Event "COL-ch Amateur U1700"]
[Site "Bogota"]
[Date "2017.03.03"]
[Round "3"]
[White "Ortega, Rosendo"]
[Black "Rodriguez Gamboa, Juan Santiago"]
[Result "0-1"]
[WhiteElo "1538"]
[BlackElo "1636"]
[PlyCount "64"]
[EventDate "2017.03.02"]
[EventType "swiss"]
[EventRounds "7"]
[EventCountry "COL"]
[SourceTitle "CBM 177 Extra"]
[Source "ChessBase"]
[SourceDate "2017.04.27"]
[SourceVersion "1"]
[SourceVersionDate "2017.04.27"]
[SourceQuality "1"]

1. e4 e5 2. Nf3 Nc6 3. d4 exd4 4. Nxd4 Nf6 5. Nc3 Bb4 6. f3 0-0 7. Qd3 d5 8. Bd2 dxe4 9. Nxe4 Bxd2+ 10. Qxd2 Qxd4 11. Nxf6+ Qxf6 12. 0-0-0 Be6 13. Bd3 Bxa2 14. g4 Be6 15. f4 Bxg4 16. Rde1 a5 17. Rhg1 Bf5 18. Bxf5 Qxf5 19. Rg5 Qf6 20. Reg1 g6 21. f5 Nd4 22. Qf2 Kh8 23. h4 Nxf5 24. h5 Qe6 25. hxg6 fxg6 26. Qh2 Qa2 27. Qe5+ Ng7 28. b3 a4 29. Rxg6 hxg6 30. Rh1+ Kg8 31. Qd5+ Rf7 32. Qg2 axb3 0-1

[Event "COL sub zt 2.3.4"]
[Site "La Dorada"]
[Date "2016.11.04"]
[Round "5"]
[White "Ortega, Rosendo"]
[Black "Lopez Ramirez, Jorge Hernan"]
[Result "0-1"]
[WhiteElo "1522"]
[BlackElo "2002"]
[PlyCount "32"]
[EventDate "2016.11.02"]
[EventType "swiss"]
[EventRounds "9"]
[EventCountry "COL"]
[SourceTitle "CBM 175 Extra"]
[Source "ChessBase"]
[SourceDate "2016.12.12"]
[SourceVersion "1"]
[SourceVersionDate "2016.12.12"]
[SourceQuality "1"]

1. e4 d5 2. exd5 Qxd5 3. d4 Bf5 4. f3 Nf6 5. Bd3 Bg6 6. Bxg6 hxg6 7. Nc3 Qd6 8. g3 Nc6 9. Nge2 Nh5 10. Ne4 Qd7 11. Be3 0-0-0 12. Qd2 e5 13. 0-0-0 Qf5 14. Ng5 exd4 15. g4 Qf6 16. Bf4 Bb4 0-1

[Event "COL sub zt 2.3.4"]
[Site "La Dorada"]
[Date "2016.11.03"]
[Round "2"]
[White "Cadavid, Juan Miguel"]
[Black "Ortega, Rosendo"]
[Result "1-0"]
[WhiteElo "1911"]
[BlackElo "1522"]
[PlyCount "99"]
[EventDate "2016.11.02"]
[EventType "swiss"]
[EventRounds "9"]
[EventCountry "COL"]
[SourceTitle "CBM 175 Extra"]
[Source "ChessBase"]
[SourceDate "2016.12.12"]
[SourceVersion "1"]
[SourceVersionDate "2016.12.12"]
[SourceQuality "1"]

1. e4 e5 2. Nf3 Nc6 3. d4 exd4 4. Nxd4 Ne5 5. Nc3 c6 6. Be2 d6 7. 0-0 Nf6 8. f4 Ng6 9. Be3 Qc7 10. Kh1 Be7 11. Qe1 Bg4 12. Bc4 b5 13. Bd3 0-0 14. h3 Bd7 15. Nf5 a6 16. g4 b4 17. Ne2 c5 18. g5 c4 19. Nxe7+ Nxe7 20. gxf6 cxd3 21. fxe7 Rfe8 22. cxd3 Rxe7 23. Qh4 f6 24. Rac1 Qb7 25. f5 Bc6 26. Ng3 Rae8 27. Kh2 d5 28. Bc5 Rf7 29. Rfe1 dxe4 30. dxe4 Qb5 31. Qh5 Rc8 32. Qe2 Qa5 33. Qc4 b3 34. axb3 Qd2+ 35. Re2 Qd7 36. Qd4 Qb7 37. b4 Rd7 38. Qc4+ Kh8 39. Qc3 Rcd8 40. Rce1 Rd3 41. Qc1 h5 42. Qf4 Bb5 43. Nxh5 Qf7 44. Qh4 Kg8 45. Rg1 Qc7+ 46. Kh1 Rd1 47. Nxf6+ Kf7 48. Qh5+ Kxf6 49. Qg6+ Ke5 50. Qe6+ 1-0

[Event "Bogota Distrital qual"]
[Site "Bogota"]
[Date "2016.03.19"]
[Round "2"]
[White "Ortega, Rosendo"]
[Black "Ceron, Juan Carlos"]
[Result "0-1"]
[WhiteElo "1529"]
[BlackElo "2106"]
[PlyCount "62"]
[EventDate "2016.03.18"]
[EventType "swiss"]
[EventRounds "6"]
[EventCountry "COL"]
[SourceTitle "CBM 171 Extra"]
[Source "ChessBase"]
[SourceDate "2016.04.26"]
[SourceVersion "1"]
[SourceVersionDate "2016.04.26"]
[SourceQuality "1"]

1. e4 c5 2. Nf3 Nc6 3. Bc4 e6 4. a3 Qc7 5. Nc3 a6 6. 0-0 Nf6 7. h3 Be7 8. d3 0-0 9. Ne2 d5 10. exd5 exd5 11. Ba2 b5 12. d4 c4 13. c3 Bf5 14. Ng3 Bg6 15. Re1 h6 16. Be3 Bd6 17. Nf1 Rfe8 18. Bb1 Bxb1 19. Qxb1 a5 20. Qf5 Qd7 21. Qxd7 Nxd7 22. Ng3 b4 23. Nf5 Bc7 24. Bd2 Re6 25. Kf1 Nb6 26. Ne3 Bf4 27. Nc2 Bxd2 28. Nxd2 b3 29. Ne3 Rd6 30. Nf3 Na4 31. Red1 Nxb2 0-1

[Event "Ortega op 5th"]
[Site "Ortega"]
[Date "2015.06.12"]
[Round "2"]
[White "Ortega, Rosendo"]
[Black "Dominguez Rincon, Miller Duvan"]
[Result "0-1"]
[WhiteElo "1567"]
[BlackElo "2089"]
[PlyCount "82"]
[EventDate "2015.06.12"]
[EventType "swiss"]
[EventRounds "7"]
[EventCountry "COL"]
[SourceTitle "CBM 167 Extra"]
[Source "ChessBase"]
[SourceDate "2015.09.14"]
[SourceVersion "1"]
[SourceVersionDate "2015.09.14"]
[SourceQuality "1"]

1. e4 c5 2. Nf3 d6 3. d4 cxd4 4. Nxd4 Nf6 5. Nc3 Nc6 6. Be2 e5 7. Nf3 Be7 8. h3 0-0 9. Be3 a6 10. Nd2 b5 11. 0-0 Be6 12. f4 exf4 13. Rxf4 Nd7 14. Nd5 Bxd5 15. exd5 Nce5 16. Ne4 f5 17. Nf2 Bg5 18. Qd4 Rc8 19. c3 Nc4 20. Bxc4 Rxc4 21. Qd2 Bxf4 22. Bxf4 Ne5 23. b3 Rc7 24. Re1 Re8 25. Nd1 Rce7 26. Ne3 h6 27. Bxe5 Rxe5 28. Nc2 Qe7 29. Rf1 Re2 30. Qd3 Qe4 31. Qxe4 fxe4 32. Nd4 Rxa2 33. Nf5 e3 34. Nxd6 Rd8 35. Nf5 e2 36. Re1 Kf7 37. Ne3 a5 38. c4 a4 39. c5 axb3 40. c6 b2 41. c7 Rc8 0-1

[Event "COL-ch Amateur"]
[Site "Villavicencio"]
[Date "2015.02.20"]
[Round "6"]
[White "Arteaga, Jose Hender"]
[Black "Ortega, Rosendo"]
[Result "1-0"]
[WhiteElo "1695"]
[BlackElo "1567"]
[PlyCount "64"]
[EventDate "2015.02.18"]
[EventType "swiss"]
[EventRounds "9"]
[EventCountry "COL"]
[SourceTitle "CBM 165 Extra"]
[Source "ChessBase"]
[SourceDate "2015.04.21"]
[SourceVersion "1"]
[SourceVersionDate "2015.04.21"]
[SourceQuality "1"]

1. e4 e5 2. Bc4 Nf6 3. Nf3 d6 4. d4 Be7 5. Bg5 Bg4 6. Nc3 a6 7. h3 Bxf3 8. gxf3 exd4 9. Qxd4 Nc6 10. Qe3 Ne5 11. Bb3 c5 12. f4 Ng6 13. e5 dxe5 14. fxe5 Nd7 15. Bxe7 Qxe7 16. Nd5 Qxe5 17. Qxe5+ Ngxe5 18. Nc7+ Ke7 19. Nxa8 Rxa8 20. Bd5 Rb8 21. 0-0-0 b5 22. f4 Ng6 23. Rhe1+ Kf6 24. Bxf7 Ngf8 25. Bh5 Nb6 26. Re8 Rxe8 27. Bxe8 Ne6 28. Bh5 Nd4 29. b3 a5 30. Be8 Ne2+ 31. Kb2 Nxf4 32. Bxb5 Ke5 1-0

[Event "COL-ch Amateur"]
[Site "Villavicencio"]
[Date "2015.02.20"]
[Round "5"]
[White "Trujillo, Luis Angel"]
[Black "Ortega, Rosendo"]
[Result "1-0"]
[WhiteElo "1805"]
[BlackElo "1567"]
[PlyCount "89"]
[EventDate "2015.02.18"]
[EventType "swiss"]
[EventRounds "9"]
[EventCountry "COL"]
[SourceTitle "CBM 165 Extra"]
[Source "ChessBase"]
[SourceDate "2015.04.21"]
[SourceVersion "1"]
[SourceVersionDate "2015.04.21"]
[SourceQuality "1"]

1. e4 e5 2. Nf3 Nc6 3. Bb5 a6 4. Ba4 Nf6 5. 0-0 Be7 6. c3 b5 7. Bc2 d6 8. d4 Bg4 9. Be3 Na5 10. b3 c6 11. Nbd2 Qc7 12. Qe1 Rc8 13. a4 bxa4 14. Rxa4 exd4 15. Nxd4 Bd7 16. Qa1 c5 17. Rxa5 cxd4 18. Bxd4 Ra8 19. Rxa6 Rxa6 20. Qxa6 0-0 21. Qd3 Ng4 22. e5 g6 23. exd6 Qxd6 24. Qg3 Qa6 25. Bd1 Bd6 26. f4 Nh6 27. Ne4 Be7 28. Nc5 Bxc5 29. Bxc5 Re8 30. Qf2 Bg4 31. Bxg4 Nxg4 32. Qh4 Nf6 33. Bd4 Ne4 34. Qh6 f6 35. Re1 Qd3 36. Qh3 Qa6 37. Qd7 Qa8 38. b4 Nd6 39. Rxe8+ Nxe8 40. h3 Qe4 41. Qg4 h5 42. Qf3 Qe6 43. Kh2 Nd6 44. Qd3 Nc4 45. Qxg6+ 1-0

[Event "Ortega op 4th"]
[Site "Ortega"]
[Date "2014.07.03"]
[Round "1"]
[White "Castrillon Gomez, Melissa"]
[Black "Ortega, Rosendo"]
[Result "1-0"]
[WhiteElo "2169"]
[BlackElo "1650"]
[PlyCount "85"]
[EventDate "2014.07.03"]
[EventType "swiss"]
[EventRounds "7"]
[EventCountry "COL"]
[SourceTitle "EXT 2015"]
[Source "ChessBase"]
[SourceDate "2014.11.20"]
[SourceVersion "1"]
[SourceVersionDate "2014.11.20"]
[SourceQuality "1"]

1. e4 e5 2. Nf3 Nc6 3. Bb5 a6 4. Ba4 b5 5. Bb3 Nf6 6. Ng5 d5 7. exd5 Nd4 8. 0-0 Bb7 9. Re1 Be7 10. Nc3 0-0 11. Nf3 Nxb3 12. axb3 b4 13. Ne4 Bxd5 14. d3 Bxe4 15. dxe4 Qxd1 16. Rxd1 Rfd8 17. Re1 Nd7 18. Be3 f6 19. Nd2 Bc5 20. Nc4 Bd4 21. Bxd4 exd4 22. Ra4 c5 23. Rea1 Ne5 24. Nb6 Ra7 25. Nd5 d3 26. f4 Nc6 27. cxd3 Nd4 28. Rxa6 Rxa6 29. Rxa6 Nxb3 30. Kf2 Rd7 31. Ke3 Kf7 32. f5 h6 33. Nf4 Nd4 34. Ng6 Rd8 35. Ra7+ Kg8 36. Nf4 Re8 37. g4 Nc2+ 38. Kd2 Nd4 39. Nh5 Nf3+ 40. Ke3 Nxh2 41. Rxg7+ Kh8 42. Rg6 Nf1+ 43. Ke2 1-0